Tiếng Việt mấy vấn đề ngữ âm ngữ pháp ngữ nghĩa

Đã lưu trong:
書目詳細資料
主要作者: Cao, Xuân Hạo
格式: 圖書
語言:Undetermined
出版: Hà Nội Giáo dục [2003]
標簽: 添加標簽
沒有標簽, 成為第一個標記此記錄!
Thư viện lưu trữ: Trung tâm Học liệu Trường Đại học Cần Thơ
LEADER 00582nam a2200193Ia 4500
001 CTU_51482
008 210402s9999 xx 000 0 und d
020 |c 80000 
082 |a 495.9225 
082 |b H108 
100 |a Cao, Xuân Hạo 
245 0 |a Tiếng Việt mấy vấn đề ngữ âm ngữ pháp ngữ nghĩa 
245 0 |c Cao Xuân Hạo 
260 |a Hà Nội 
260 |b Giáo dục 
260 |c [2003] 
526 |a Từ vựng học tiếng Việt 
526 |b SG295 
980 |a Trung tâm Học liệu Trường Đại học Cần Thơ